[Event "Catalunya (Women) 62nd"]
[Site "La Pobla de Lillet"]
[Date "2004.08.05"]
[Round "3"]
[White "Torres, Ligia"]
[Black "Molinero Gomez, Sandra"]
[Result "0-1"]
[WhiteElo "1700"]
[BlackElo "1725"]
[PlyCount "64"]
[EventDate "2004.08.04"]
[EventType "swiss"]
[EventRounds "9"]
[EventCountry "ESP"]
[SourceTitle "EXT 2005"]
[Source "ChessBase"]
[SourceDate "2004.11.15"]
[SourceVersion "1"]
[SourceVersionDate "2004.11.15"]
[SourceQuality "1"]

1. e4 e5 2. Nf3 Nc6 3. Bc4 Bc5 4. d3 d6 5. Ng5 Be6 6. Bxe6 fxe6 7. Nxe6 Qf6 8. Nxc5 dxc5 9. Nc3 0-0-0 10. Nd5 Qg6 11. 0-0 Nf6 12. Nxf6 gxf6 13. f4 Rhg8 14. g3 h5 15. fxe5 fxe5 16. Be3 h4 17. Rf3 Qh5 18. Kg2 h3+ 19. Kf2 Rdf8 20. Bxc5 Rxf3+ 21. Qxf3 Qxf3+ 22. Kxf3 b6 23. Ba3 Nd4+ 24. Kf2 Rg7 25. c3 Rf7+ 26. Kg1 Nf3+ 27. Kh1 Nd2 28. c4 a5 29. b4 Rf2 30. Kg1 Rg2+ 31. Kh1 Nf3 32. Rd1 Rxh2# 0-1